000 00332nam a2200109Ia 4500
008 220120s9999||||xx |||||||||||||| ||und||
100 _aLangsam, Yedidyah Augenstein, Moshe, J. etal
245 0 _aData structures using C and C++
260 _aPrentice hall of india
_bNew Delhi
_c2000
300 _b250
650 _aCOMMUNICATION SYSTEM
999 _c132036
_d132036